000 00276nam a2200097Ia 4500
001 904501
005 20250826184933.0
008 250824s9999 xx 000 0 und d
245 0 _aABDÜLHAMİD İN KURTLARLA DANSI -3
_cMUSTAFA ARMAĞAN-SEZAİ COŞKUN
260 _bKETEBE YAYINLARI
999 _c904501
_d904501